Політична економія (Запис № 311560)

МАРК-запис
000 -Лідер
fixed length control field 01727nam a22002657a 4500
001 - Контрольний номер
control field 25267
003 - Ідентифікатор контрольного номера
control field UA-OsUOA
005 - Дата та час останнього входження (трансакції)
control field 20230504161216.0
007 - Фіксоване поле фізичного опису
fixed length control field ta
008 - Елементи даних фіксованої довжини – загальна інформація
fixed length control field 20040330b un ||||| |||| 00| 0 ukr d
020 ## - Міжнародний стандартний книжковий номер (ISBN)
Міжнародний стандартний книжковий номер (ISBN) (НП) 966-608-230-6
040 ## - Джерело каталогізації
Агенція оригінальної каталогізації UA-OsUOA
Мова каталогізації ukr
Агенція, яка здійснювала перезапис UA-OsUOA
Агенція, яка здійснювала модифікацію UA-OsUOA
041 ## - Код мови
Код мови тексту/ звукової доріжки чи окремого заголовка (П) ukr
044 ## - Код країни видавця/ виробника
Код країни видавця/ виробника (П) UA
080 ## - Індекс Універсальної десяткової класифікації
Індекс Універсальної десяткової класифікації (УДК) (НП) 330(075.8)
090 ## - Локальний шифр розміщення
Класифікаційний індекс УДК 330(075.8)
Авторський знак (НП) П50
245 ## - Відомості про назву
Назва (НП) Політична економія
Решта назви (НП) навч. посіб.
Дані про відповідальність (НП) за заг. ред. Г. А. Оганяна
260 ## - Публікація, розповсюдження і т.п. (Вихідні дані)
Місце публікації, розповсюдження і т.п. (П) Київ
Ім’я/ наймення видавництва, розповсюджувача і т.п. (П) МАУП
Дата публікації, розповсюдження і т.п. (П) 2003
300 ## - Фізичний опис
Обсяг 520 с.
520 ## - Резюме і т.п.
Резюме, реферат, анотація, тощо (НП) У пропонованому посібнику висвітлено основні аспекти теоретичної еко­номії, структуру й логіку курсу політичної економії; окреслено зв'язок еконо­мічних законів, категорій і понять з реальною дійсністю, економічною політи­кою, практикою господарювання. Дано відповіді на нагальні питання еконо­мічної розбудови України з використанням світового і вітчизняного досвіду. У посібнику також розглядаються особливості історичного процесу становлен­ня різноманітних теорій і напрямів економічної думки, аналізуються погляди науковців-економістів.
650 #7 - Додаткове предметне введення – тематичний термін
Джерело заголовка чи терміна UDC
942 ## - Додаткові елементи входу (Коха)
Тип елемента Koha Книги
Source of classification or shelving scheme Universal Decimal Classification
955 ## - Код типу видання за змістом
Код типу видання за змістом (НП) інше
Фонди
Стан вилучень Стан втрат Джерело класифікації або схеми стелажів Стан уражень Не для кредиту Постійне місце розташування Поточне розміщення Дата придбання Вартість, звичайна ціна покупки Інвентарний номер Усього замовленно Повний номер виклику Штрих-код Дата останнього перегляду Ціна ефективна від Тип елемента Koha
    Universal Decimal Classification     ЧЗ - Читальна зала ЧЗ - Читальна зала 30/03/2004 25.60 78150   330(075.8) П50 78150 07/02/2022 30/03/2004 Книги